000 01256nam a2200325 i 4500
003 EG-GICUC
005 20260126125134.0
008 260126s1930 ua ||||fr|||| 00| 0 ara d
040 _a EG-GICUC
_bara
_c EG-GICUC
_d EG-GICUC
_erda
041 0 _aara
082 0 4 _a343.433
_bح س . ت
_221
092 0 4 _221
099 _aLaw1 10 343.433 ح س . ت 1 ed - 1930 1006309
100 0 _aحسن جاد.
_eمؤلف.
245 1 2 _aالتشريع المصري للمتشردين والمشتبه فيهم ومراقبة البوليس /
_cتأليف حسن جاد.
250 _aالطبعة الأولى،
264 1 _aالقاهرة :
_bحسن جاد.
_c1930.
300 _a371 صفحة ؛
_c24 سم.
_bإيضاحيات، صور، مثيليات ؛
336 _2rda content
_atext
337 _2rda media
_aComputer
338 _2rda carrier
_aOnline Resource
504 _aيشتمل على ارجاعات ببليوجرافية.
546 _aالنص باللغة العربية
650 1 4 _aالتشريع الخاص بالتشرد والتسول.
_2qrmak
650 1 4 _aالقانون الجنائي.
_2qrmak
651 1 _2qrmak
856 4 0 _uhttps://fll.law.cu.edu.eg/fulltext/bks/B10-06309.pdf
905 _a18
942 _2ddc
_cBK
_e21
_n0
999 _c59443
_d59443